000 00894nam a2200229Ia 4500
003 OSt
005 20220926031422.0
006 a|||||r|||| 00| 0
007 ta
008 220923b |||||||| |||| 00| 0 eng d
037 _cGeneral Book
040 _aRTL
_cRTL
_beng
041 _2eng
_aeng
082 _aZ2,2673.N74<---N73r, L4
110 _aINDIA, PATENTS, DESIGNS AND TRADE MARKS (Controller general of--PATENTS ACT,1970
_9335676
245 0 _aSecond annual report of the controller general of patents, designs & trade marks under section 155 of the patents act ,1970(39 of 1970) for year 1973-74
260 _as.l
_bs.n.
_c1974
300 _a20-p. A-p-p.: 7-20-p
_ccm.
700 _aINDIA, PATENTS, DESIGNS AND TRADE MARKS (Controller general of--PATENTS ACT,1970
_9335677
942 _hZ2,2673.N74<---N73r, L4
_cGB
_2CC
999 _c652259
_d652259